[Event "LVII C.to Italiano"]
[Site "Reggio nell'Emilia ITA"]
[Date "1997.12.26"]
[Round "1"]
[White "Godena, Michele"]
[Black "Sarno, Spartaco"]
[Result "1/2-1/2"]
[WhiteElo "2515"]
[BlackElo "2400"]
[PlyCount "51"]
[EventDate "1997.12.26"]

1. e4 d6 2. Nc3 g6 3. d4 Nf6 4. Nf3 Bg7 5. Be2 O-O 6. O-O c6 7. a4 a5 8. Bf4
Na6 9. e5 Ne8 10. Ne4 Nac7 11. c3 f6 12. exd6 exd6 13. Re1 Ne6 14. Bd2 d5 15.
Nc5 Nd6 16. Bd3 Re8 17. Qc2 b6 18. Nxe6 Bxe6 19. Bf4 Qd7 20. Qb3 Bf8 21. h3 Qb7
22. Qc2 Bf5 23. Bxf5 Nxf5 24. Qd3 Nd6 25. Bxd6 Bxd6 26. Kf1 1/2-1/2